İçeriği atla
Ayesha Abed Library
Dil
English
Deutsch
Español
Français
Italiano
日本語
Nederlands
Português
Português (Brasil)
中文(简体)
中文(繁體)
Türkçe
עברית
Gaeilge
Cymraeg
Ελληνικά
Català
Euskara
Русский
Čeština
Suomi
Svenska
polski
Dansk
slovenščina
اللغة العربية
বাংলা
Galego
Tiếng Việt
Hrvatski
हिंदी
Հայերէն
Українська
Tüm Alanlar
Materyal Adı
Yazar
Konu
Yer Numarası
ISBN/ISSN
Etiket
Ara
Gelişmiş
CCNA 200-301 official cert gui...
Alıntıla
E-posta Gönder
Yazdır
Kaydı İhraç Et
İhraç Et RefWorks
İhraç Et EndNoteWeb
İhraç Et EndNote
İhraç Et MARC
İhraç Et MARCXML
İhraç Et BibTeX
Kalıcı bağlantı
CCNA 200-301 official cert guide, Volume 1
Detaylı Bibliyografya
Yazar:
Wendell Odom
Materyal Türü:
Bilinmiyor
Erişim Bilgileri
Diğer Bilgiler
Benzer Materyaller
MARC Görünümü
LEADER
00162 a2200073 4500
100
|a
Wendell Odom
245
|a
CCNA 200-301 official cert guide, Volume 1
942
|c
BK
999
|c
47668
|d
47668
Benzer Materyaller
CCNA 200-301 official cert guide, Volume 1 /
Yazar:: Odom, Wendell
Baskı/Yayın Bilgisi: (2020)
CCNA 200-301. Official cert guide, Volume 2 /
Yazar:: Odom, Wendell
Baskı/Yayın Bilgisi: (2020)
CCNA 200-301 Official Cert Guide Library
Yazar:: Wendell Odom, et al
CCNA 200-301. Official cert guide. Volume 1 /
Yazar:: Odom, Wendell
Baskı/Yayın Bilgisi: (2024)
CCNA 200-301. Official cert guide. Volume 2 /
Yazar:: Odom, Wendell, ve diğerleri
Baskı/Yayın Bilgisi: (2025)